000 01005nas a2200337 4500
001 BR0601644
003 BR-BrBNA
005 20231205105940.0
007 ta
008 230509b bl.|||p| |||| 00| 00por d
040 _aBR-BrBNA
_bpor
_cBiblioteca Nacional de Agricultura
041 _a(Pt)
072 _aF03
100 1 _aAzeredo, G.A. de
100 1 _aMatos, V.P.
100 1 _aLima, A.A. de
100 1 _aSilva, A. da
100 1 _aGuedes, A. de M.
245 1 _aViabilidade de sementes de acerola (Malpighia punicifolia DC)influenciada pelo substrato, temperatura e coloração de frutos
650 _aACEROLA
650 _aSEMENTE
650 _aGERMINAÇÃO
650 _aVIGOR HÍBRIDO
650 _aSUBSTRATO DE CULTURA
650 _aFRUTO
650 _aCOR
650 _aTEMPERATURA
773 0 _tPesquisa Agropecuária Tropical (Brazil)
_xISSN 1517-6398
_g(Jan-Apr 2006), v. 36(1) p. 7-11
_wBR0601644
909 _a202311
_bLúcia
_c55
_dLúcia Elande
942 _2AGRIS
_n0
_cANA
999 _c185495
_d185495